| 000 | 00371nam a22001457a 4500 | ||
|---|---|---|---|
| 082 | _aP-553 | ||
| 100 |
_aShoaib malik _947634 |
||
| 245 |
_aDesign of short span portable assualt bridge _cShoaib malik, Asif Razzaque |
||
| 260 |
_aMCE _c2014 |
||
| 300 | _a86 p. | ||
| 526 |
_a0 _b0 _c0 _dP_553 |
||
| 650 | _aProject | ||
| 700 |
_aDr Shahid Iqbal _916468 |
||
| 942 |
_2ddc _cBK |
||
| 999 |
_c550818 _d550818 |
||